<?xml version="1.0" encoding="UTF-8"?>
<record
    xmlns:xsi="http://www.w3.org/2001/XMLSchema-instance"
    xsi:schemaLocation="http://www.loc.gov/MARC21/slim http://www.loc.gov/standards/marcxml/schema/MARC21slim.xsd"
    xmlns="http://www.loc.gov/MARC21/slim">

  <leader>00590nam a2200181 a 4500</leader>
  <controlfield tag="001">4760</controlfield>
  <controlfield tag="003">CDMR</controlfield>
  <controlfield tag="005">20130426135218.0</controlfield>
  <controlfield tag="008">130130s2004||||||||||||||||||||||||||||d</controlfield>
  <datafield tag="020" ind1=" " ind2=" ">
    <subfield code="a">8460636925</subfield>
  </datafield>
  <datafield tag="040" ind1=" " ind2=" ">
    <subfield code="a">CDMR</subfield>
    <subfield code="b">cat</subfield>
    <subfield code="c">CPC LLEIDA</subfield>
  </datafield>
  <datafield tag="100" ind1="1" ind2=" ">
    <subfield code="9">3295</subfield>
    <subfield code="a">Culler&#xE9;s Balaguer&#xF3;, Miquel &#xC0;ngel</subfield>
  </datafield>
  <datafield tag="245" ind1="1" ind2="0">
    <subfield code="a">Hist&#xF2;ria Gr&#xE0;fica de Mollerussa</subfield>
    <subfield code="c">Miquel &#xC0;ngel Culler&#xE9;s Balaguer&#xF3;, Miquel Polo Silvestre, Josep Ripoll Ballest&#xE9;</subfield>
  </datafield>
  <datafield tag="260" ind1=" " ind2=" ">
    <subfield code="a">Mollerussa</subfield>
    <subfield code="c">2004</subfield>
    <subfield code="b">Ajuntament de Mollerussa</subfield>
  </datafield>
  <datafield tag="650" ind1="0" ind2="4">
    <subfield code="9">3096</subfield>
    <subfield code="a">Fotografia</subfield>
  </datafield>
  <datafield tag="710" ind1="1" ind2=" ">
    <subfield code="9">2830</subfield>
    <subfield code="a">Mollerussa</subfield>
    <subfield code="b"> -- Ajuntament</subfield>
  </datafield>
  <datafield tag="942" ind1=" " ind2=" ">
    <subfield code="c">MON</subfield>
    <subfield code="2">ddc</subfield>
  </datafield>
  <datafield tag="999" ind1=" " ind2=" ">
    <subfield code="c">4760</subfield>
    <subfield code="d">4760</subfield>
  </datafield>
  <datafield tag="952" ind1=" " ind2=" ">
    <subfield code="0">0</subfield>
    <subfield code="1">0</subfield>
    <subfield code="4">0</subfield>
    <subfield code="7">0</subfield>
    <subfield code="a">LLEIDA</subfield>
    <subfield code="b">LLEIDA</subfield>
    <subfield code="d">2011-07-28</subfield>
    <subfield code="l">0</subfield>
    <subfield code="o">189FOT</subfield>
    <subfield code="p">LLEIDA1312613261</subfield>
    <subfield code="r">2013-01-16</subfield>
    <subfield code="w">2013-01-16</subfield>
    <subfield code="y">MON</subfield>
  </datafield>
</record>
